<?xml version="1.0" encoding="UTF-8"?>
<record
    xmlns:xsi="http://www.w3.org/2001/XMLSchema-instance"
    xsi:schemaLocation="http://www.loc.gov/MARC21/slim http://www.loc.gov/standards/marcxml/schema/MARC21slim.xsd"
    xmlns="http://www.loc.gov/MARC21/slim">

  <leader>00333nam a22001457a 4500</leader>
  <controlfield tag="003">SGT</controlfield>
  <datafield tag="020" ind1=" " ind2=" ">
    <subfield code="a">9788194789994</subfield>
  </datafield>
  <datafield tag="082" ind1=" " ind2=" ">
    <subfield code="a">150,GAR</subfield>
  </datafield>
  <datafield tag="100" ind1=" " ind2=" ">
    <subfield code="a">GARRETT, HENRY E.</subfield>
  </datafield>
  <datafield tag="245" ind1=" " ind2=" ">
    <subfield code="a">STATISTICS IN PSYCHOLOGY AND EDUCATION </subfield>
  </datafield>
  <datafield tag="260" ind1=" " ind2=" ">
    <subfield code="a">NEW DELHI</subfield>
    <subfield code="b">NATION PRESS </subfield>
    <subfield code="c">2024</subfield>
  </datafield>
  <datafield tag="300" ind1=" " ind2=" ">
    <subfield code="a">317</subfield>
  </datafield>
  <datafield tag="650" ind1=" " ind2=" ">
    <subfield code="a">PSYCHOLOGY</subfield>
  </datafield>
  <datafield tag="942" ind1=" " ind2=" ">
    <subfield code="2">ddc</subfield>
    <subfield code="c">BK</subfield>
  </datafield>
  <datafield tag="952" ind1=" " ind2=" ">
    <subfield code="0">1</subfield>
    <subfield code="1">0</subfield>
    <subfield code="2">ddc</subfield>
    <subfield code="4">0</subfield>
    <subfield code="7">1</subfield>
    <subfield code="8">ENGG</subfield>
    <subfield code="a">FE</subfield>
    <subfield code="b">FE</subfield>
    <subfield code="c">REF</subfield>
    <subfield code="d">2024-07-18</subfield>
    <subfield code="e">ABC PUBLISHERS &amp; DISTRIBUTORS PVT. LTD.</subfield>
    <subfield code="g">1295.00</subfield>
    <subfield code="i">SGTU</subfield>
    <subfield code="o">150,GAR</subfield>
    <subfield code="p">FE9137</subfield>
    <subfield code="r">2024-07-18 00:00:00</subfield>
    <subfield code="w">2024-06-26</subfield>
    <subfield code="y">BK</subfield>
    <subfield code="k">IN39</subfield>
  </datafield>
  <datafield tag="952" ind1=" " ind2=" ">
    <subfield code="0">0</subfield>
    <subfield code="1">0</subfield>
    <subfield code="2">ddc</subfield>
    <subfield code="4">0</subfield>
    <subfield code="7">0</subfield>
    <subfield code="8">ENGG</subfield>
    <subfield code="a">FE</subfield>
    <subfield code="b">FE</subfield>
    <subfield code="c">TXT</subfield>
    <subfield code="d">2024-07-18</subfield>
    <subfield code="e">ABC PUBLISHERS &amp; DISTRIBUTORS PVT. LTD.</subfield>
    <subfield code="g">1295.00</subfield>
    <subfield code="i">SGTU</subfield>
    <subfield code="l">14</subfield>
    <subfield code="o">150,GAR</subfield>
    <subfield code="p">FE9138</subfield>
    <subfield code="r">2026-01-15 00:00:00</subfield>
    <subfield code="s">2026-01-14</subfield>
    <subfield code="w">2024-06-26</subfield>
    <subfield code="y">BK</subfield>
    <subfield code="k">IN39</subfield>
  </datafield>
  <datafield tag="952" ind1=" " ind2=" ">
    <subfield code="0">0</subfield>
    <subfield code="1">0</subfield>
    <subfield code="2">ddc</subfield>
    <subfield code="4">0</subfield>
    <subfield code="7">0</subfield>
    <subfield code="8">ENGG</subfield>
    <subfield code="a">FE</subfield>
    <subfield code="b">FE</subfield>
    <subfield code="c">TXT</subfield>
    <subfield code="d">2024-07-18</subfield>
    <subfield code="e">ABC PUBLISHERS &amp; DISTRIBUTORS PVT. LTD.</subfield>
    <subfield code="g">1295.00</subfield>
    <subfield code="i">SGTU</subfield>
    <subfield code="l">23</subfield>
    <subfield code="o">150,GAR</subfield>
    <subfield code="p">FE9139</subfield>
    <subfield code="r">2025-11-27 00:00:00</subfield>
    <subfield code="s">2025-11-27</subfield>
    <subfield code="w">2024-06-26</subfield>
    <subfield code="y">BK</subfield>
    <subfield code="k">IN39</subfield>
  </datafield>
  <datafield tag="952" ind1=" " ind2=" ">
    <subfield code="0">0</subfield>
    <subfield code="1">0</subfield>
    <subfield code="2">ddc</subfield>
    <subfield code="4">0</subfield>
    <subfield code="7">0</subfield>
    <subfield code="8">ENGG</subfield>
    <subfield code="a">FE</subfield>
    <subfield code="b">FE</subfield>
    <subfield code="c">TXT</subfield>
    <subfield code="d">2024-07-18</subfield>
    <subfield code="e">ABC PUBLISHERS &amp; DISTRIBUTORS PVT. LTD.</subfield>
    <subfield code="g">1295.00</subfield>
    <subfield code="i">SGTU</subfield>
    <subfield code="l">23</subfield>
    <subfield code="m">3</subfield>
    <subfield code="o">150,GAR</subfield>
    <subfield code="p">FE9140</subfield>
    <subfield code="r">2025-10-29 00:00:00</subfield>
    <subfield code="s">2025-10-06</subfield>
    <subfield code="w">2024-06-26</subfield>
    <subfield code="y">BK</subfield>
    <subfield code="k">IN39</subfield>
  </datafield>
  <datafield tag="952" ind1=" " ind2=" ">
    <subfield code="0">0</subfield>
    <subfield code="1">0</subfield>
    <subfield code="2">ddc</subfield>
    <subfield code="4">0</subfield>
    <subfield code="7">0</subfield>
    <subfield code="8">ENGG</subfield>
    <subfield code="a">FE</subfield>
    <subfield code="b">FE</subfield>
    <subfield code="c">TXT</subfield>
    <subfield code="d">2024-07-18</subfield>
    <subfield code="e">ABC PUBLISHERS &amp; DISTRIBUTORS PVT. LTD.</subfield>
    <subfield code="g">1295.00</subfield>
    <subfield code="i">SGTU</subfield>
    <subfield code="l">17</subfield>
    <subfield code="m">3</subfield>
    <subfield code="o">150,GAR</subfield>
    <subfield code="p">FE9141</subfield>
    <subfield code="r">2026-01-06 00:00:00</subfield>
    <subfield code="s">2026-01-06</subfield>
    <subfield code="w">2024-06-26</subfield>
    <subfield code="y">BK</subfield>
    <subfield code="k">IN39</subfield>
  </datafield>
  <datafield tag="952" ind1=" " ind2=" ">
    <subfield code="0">0</subfield>
    <subfield code="1">0</subfield>
    <subfield code="2">ddc</subfield>
    <subfield code="4">0</subfield>
    <subfield code="7">0</subfield>
    <subfield code="8">ENGG</subfield>
    <subfield code="a">FE</subfield>
    <subfield code="b">FE</subfield>
    <subfield code="c">TXT</subfield>
    <subfield code="d">2024-07-18</subfield>
    <subfield code="e">ABC PUBLISHERS &amp; DISTRIBUTORS PVT. LTD.</subfield>
    <subfield code="g">1295.00</subfield>
    <subfield code="i">SGTU</subfield>
    <subfield code="l">14</subfield>
    <subfield code="o">150,GAR</subfield>
    <subfield code="p">FE9142</subfield>
    <subfield code="r">2026-04-15 00:00:00</subfield>
    <subfield code="s">2026-04-15</subfield>
    <subfield code="w">2024-06-26</subfield>
    <subfield code="y">BK</subfield>
    <subfield code="k">IN39</subfield>
  </datafield>
  <datafield tag="952" ind1=" " ind2=" ">
    <subfield code="0">0</subfield>
    <subfield code="1">0</subfield>
    <subfield code="2">ddc</subfield>
    <subfield code="4">0</subfield>
    <subfield code="7">0</subfield>
    <subfield code="8">ENGG</subfield>
    <subfield code="a">FE</subfield>
    <subfield code="b">FE</subfield>
    <subfield code="c">TXT</subfield>
    <subfield code="d">2024-07-18</subfield>
    <subfield code="e">ABC PUBLISHERS &amp; DISTRIBUTORS PVT. LTD.</subfield>
    <subfield code="g">1295.00</subfield>
    <subfield code="i">SGTU</subfield>
    <subfield code="l">16</subfield>
    <subfield code="o">150,GAR</subfield>
    <subfield code="p">FE9143</subfield>
    <subfield code="r">2025-10-29 00:00:00</subfield>
    <subfield code="s">2025-10-10</subfield>
    <subfield code="w">2024-06-26</subfield>
    <subfield code="y">BK</subfield>
    <subfield code="k">IN39</subfield>
  </datafield>
  <datafield tag="952" ind1=" " ind2=" ">
    <subfield code="0">0</subfield>
    <subfield code="1">0</subfield>
    <subfield code="2">ddc</subfield>
    <subfield code="4">0</subfield>
    <subfield code="7">0</subfield>
    <subfield code="8">ENGG</subfield>
    <subfield code="a">FE</subfield>
    <subfield code="b">FE</subfield>
    <subfield code="c">TXT</subfield>
    <subfield code="d">2024-07-18</subfield>
    <subfield code="e">ABC PUBLISHERS &amp; DISTRIBUTORS PVT. LTD.</subfield>
    <subfield code="g">1295.00</subfield>
    <subfield code="i">SGTU</subfield>
    <subfield code="l">14</subfield>
    <subfield code="o">150,GAR</subfield>
    <subfield code="p">FE9144</subfield>
    <subfield code="r">2025-11-19 00:00:00</subfield>
    <subfield code="s">2025-11-12</subfield>
    <subfield code="w">2024-06-26</subfield>
    <subfield code="y">BK</subfield>
    <subfield code="k">IN39</subfield>
  </datafield>
  <datafield tag="999" ind1=" " ind2=" ">
    <subfield code="c">26712</subfield>
    <subfield code="d">26712</subfield>
  </datafield>
</record>
